Holiday Quiz

Random Holiday or Halloween Quiz

'Ghostbusters' Lyrics Quiz Stats

 Plays Quiz Updated Sep 7, 2017

Challenge
Share
Tweet
Embed
Score 0/226 Timer 06:00
0 Plays Today
% Correct
oh,
100%
oh
100%
Oh,
100%
Yeah,
100%
yeah,
100%
yeah,
100%
yeah!
100%
Mmm,
100%
no,
100%
Ah,
100%
you
96.4%
you
96.4%
you
96.4%
you
96.4%
you
96.4%
you
96.4%
You
96.4%
you
96.4%
you
96.4%
you
96.4%
you
96.4%
you
96.4%
you
96.4%
you
96.4%
you
96.4%
you
96.4%
you
96.4%
you
96.4%
ghost.
96.2%
ghost.
96.2%
ghost.
96.2%
ghost.
96.2%
ghost.
96.2%
ghost.
96.2%
ghost,
96.2%
ghost.
96.2%
ghost.
96.2%
who
96.1%
who
96.1%
who
96%
who
96%
Who
96%
Who
96%
who
96%
Who
96%
Who
96%
Who
96%
Who
96%
Who
96%
call?
95.9%
call?
95.9%
call?
95.9%
call?
95.9%
call?
95.9%
call
95.9%
call?
95.9%
call
95.9%
call
95.9%
call?
95.9%
call?
95.9%
call
95.9%
call?
95.9%
call?
95.9%
call?
95.9%
call?
95.9%
gonna
94.9%
gonna
94.9%
gonna
94.9%
gonna
94.9%
gonna
94.9%
gonna
94.9%
gonna
94.9%
gonna
94.9%
gonna
94.9%
gonna
94.9%
Ghostbusters!
94.7%
% Correct
Ghostbusters!
94.7%
Ghostbusters!
94.7%
Ghostbusters!
94.7%
Ghostbusters!
94.7%
Ghostbusters!
94.7%
Ghostbusters!
94.7%
Ghostbusters!
94.7%
Ghostbusters!
94.7%
Ghostbusters!
94.7%
Ghostbusters!
94.7%
Ghostbusters!
94.7%
Ghostbusters!
94.7%
Ghostbusters!
94.7%
Ghostbusters!
94.7%
Ghostbusters!
94.7%
Ghostbusters!
94.7%
Ghostbusters!
94.7%
Ghostbusters!
94.7%
I
94.2%
I
94.2%
I
94.2%
I
94.2%
I
94.2%
I
94.2%
I
94.2%
I
94.2%
I
94.2%
I
94.2%
I
94.2%
in
92.2%
in
92.2%
a
91%
a
91%
a
91%
the
90.7%
the
90.7%
your
88.8%
your
88.7%
your
88.7%
your
88.7%
neighborhood,
87.2%
something
86.2%
something
86.2%
something:
86.2%
some
86.1%
there's
85.6%
strange
83.4%
If
81.7%
If
81.7%
If
81.7%
If
81.7%
if
81.7%
no
79.8%
no
79.8%
no
79.8%
no
79.8%
no
79.8%
no
79.8%
no
79.8%
no
79.8%
of
78.9%
of
78.9%
of
78.9%
of
78.9%
of
78.9%
of
78.9%
of
78.9%
of
78.9%
of
78.9%
afraid
75.9%
afraid
75.9%
afraid
75.9%
afraid
75.9%
afraid
75.9%
afraid
75.9%
afraid
75.9%
% Correct
afraid
75.9%
An
75.4%
ain't
75.2%
ain't
75.2%
ain't
75.2%
ain't
75.2%
ain't
75.2%
ain't
75.2%
ain't
75.2%
ain't
75.2%
and
72.7%
and
72.7%
it
70.1%
it
70.1%
When
68.4%
good,
65.6%
good.
65.6%
don't
65.3%
Don't
65.3%
look
61%
weird
58.3%
there's
54.1%
he
51.4%
can
51.3%
can
51.3%
bed,
44.7%
you're
40.9%
you're
40.9%
me
40.5%
me
40.5%
man
39.7%
up
37.8%
invisible
37.5%
sleeping
37.5%
all
33.3%
phone
32.6%
hear
32.6%
hear
32.6%
feel
32%
pick
31.1%
can't
29.3%
alone,
28.9%
alone,
28.9%
tell
26.9%
head,
26.8%
makes
25.2%
Let
23.9%
busting
23.6%
better
22.7%
better
22.7%
better
22.7%
through
22.1%
through
22.1%
things
20.9%
running
20%
seeing
19.8%
freaky
18.7%
get
17.7%
think
17.1%
think
17.1%
just
16.1%
want
15.5%
you've
15.2%
likes
14%
had
13.9%
girls.
12.3%
door,
11.6%
comes
11.3%
more,
11%
Louder!
11%
caught
10.7%
baby.
10.2%
dose
8.9%
unless
7.1%

You're not logged in!

Compare scores with friends on all Sporcle quizzes.
OR
Log In

You Might Also Like...

Show Comments

Extras

Top Quizzes Today


Score Distribution

Your Account Isn't Verified!

In order to create a playlist on Sporcle, you need to verify the email address you used during registration. Go to your Sporcle Settings to finish the process.

Report this User

Report this user for behavior that violates our Community Guidelines.

Details: